Home Print Resources E-Books E-Journals IIMT Lecture Series Library Membership Form Book Recommendation Form Campus Tour Take AdmissionAbout Us Contact Us

ADULT HEALTH NURSING - II (Record no. 65897)

000 -LEADER
fixed length control field 00340nam a22001457a 4500
008 - FIXED-LENGTH DATA ELEMENTS--GENERAL INFORMATION
fixed length control field 250808b |||||||| |||| 00| 0 eng d
020 ## - ISBN
International Standard Book Number 9789356968240
Discounted Price 995
040 ## - CATALOGING SOURCE
Original cataloging agency IIMT University College of Nursing (073)
082 ## - DDC NUMBER
Classification number 610.736 KUM
100 ## - MAIN ENTRY--PERSONAL NAME
Personal name KUMARI MJ
245 ## - TITLE STATEMENT
Title ADULT HEALTH NURSING - II
260 ## - PUBLICATION, DISTRIBUTION, ETC. (IMPRINT)
Place of publication, distribution, etc DELHI
Name of publisher, distributor, etc JAYPEE PUB.
Date of publication, distribution, etc 7/8/25
300 ## - PHYSICAL DESCRIPTION
Pages 524
942 ## - ADDED ENTRY ELEMENTS (KOHA)
Koha item type Text-Book- for 7 days
952 ## - LOCATION AND ITEM INFORMATION (KOHA)
-- 2025-08-08
952 ## - LOCATION AND ITEM INFORMATION (KOHA)
-- 2025-08-08
952 ## - LOCATION AND ITEM INFORMATION (KOHA)
-- 2025-08-08
952 ## - LOCATION AND ITEM INFORMATION (KOHA)
-- 2025-08-08
952 ## - LOCATION AND ITEM INFORMATION (KOHA)
-- 2026-03-13
-- 2025-08-08
Holdings
Withdrawn status Lost status Source of classification or shelving scheme Damaged status Not for loan Location (home branch) Sublocation or collection (holding branch) Date acquired Source of Acquisition Cost Normal purchase price Koha issues (times borrowed) Koha full call number Accession No. Koha date last seen Koha item type
          IIMT University College of Nursing (073) IIMT University College of Nursing (073) 08/08/2025 JAYPEE PUB. 995.00   610.736 KUM 03-B-7145 08/08/2025 Text-Book- for 7 days
          IIMT University College of Nursing (073) IIMT University College of Nursing (073) 08/08/2025 JAYPEE PUB. 995.00   610.736 KUM 03-B-7146 08/08/2025 Text-Book- for 7 days
          IIMT University College of Nursing (073) IIMT University College of Nursing (073) 08/08/2025 JAYPEE PUB. 995.00   610.736 KUM 03-B-7147 08/08/2025 Text-Book- for 7 days
          IIMT University College of Nursing (073) IIMT University College of Nursing (073) 08/08/2025 JAYPEE PUB. 995.00   610.736 KUM 03-B-7148 08/08/2025 Text-Book- for 7 days
          IIMT University College of Nursing (073) IIMT University College of Nursing (073) 08/08/2025 JAYPEE PUB. 995.00 2 610.736 KUM 03-B-7149 03/13/2026 Text-Book- for 7 days
IIMT, Central Library. All Rights Reserved IIMT,UNIVERSITY © 2023
Implemented and Customised by I CLOUDE EMS
You Are OPAC Visitor No
free web counter

Powered by Koha